Modern cryptography : (Record no. 87250)
[ view plain ]
| 000 -LEADER | |
|---|---|
| fixed length control field | 00849cam a2200241 a 4500 |
| 001 - CONTROL NUMBER | |
| control field | vtls003232773 |
| 003 - CONTROL NUMBER IDENTIFIER | |
| control field | MY-SjTCS |
| 005 - DATE AND TIME OF LATEST TRANSACTION | |
| control field | 20200226111910.0 |
| 008 - FIXED-LENGTH DATA ELEMENTS--GENERAL INFORMATION | |
| fixed length control field | 120606s2004 njua 000 0 eng d |
| 020 ## - INTERNATIONAL STANDARD BOOK NUMBER | |
| International Standard Book Number | 9780132887410 (pbk.) |
| 020 ## - INTERNATIONAL STANDARD BOOK NUMBER | |
| International Standard Book Number | 013288741X (pbk.) |
| 039 #9 - LEVEL OF BIBLIOGRAPHIC CONTROL AND CODING DETAIL [OBSOLETE] | |
| Level of rules in bibliographic description | 201208091318 |
| Level of effort used to assign nonsubject heading access points | shuhada |
| Level of effort used to assign subject headings | 201208091317 |
| Level of effort used to assign classification | shuhada |
| -- | 201206061752 |
| -- | malathy |
| 082 04 - DEWEY DECIMAL CLASSIFICATION NUMBER | |
| Classification number | 005.82 |
| Item number | MAO 2004 |
| 100 1# - MAIN ENTRY--PERSONAL NAME | |
| Personal name | Mao, Wenbo. |
| 9 (RLIN) | 62259 |
| 245 10 - TITLE STATEMENT | |
| Title | Modern cryptography : |
| Remainder of title | theory and practice / |
| Statement of responsibility, etc. | Wenbo Mao. |
| 260 ## - PUBLICATION, DISTRIBUTION, ETC. | |
| Place of publication, distribution, etc. | Upper Saddle River, N.J. : |
| Name of publisher, distributor, etc. | Prentice Hall PTR, |
| Date of publication, distribution, etc. | c2004. |
| 300 ## - PHYSICAL DESCRIPTION | |
| Extent | xxxviii, 707 p. : |
| Other physical details | ill. ; |
| Dimensions | 24 cm. |
| 504 ## - BIBLIOGRAPHY, ETC. NOTE | |
| Bibliography, etc. note | Includes bibliographical references (p. 673-698) and index. |
| 650 #0 - SUBJECT ADDED ENTRY--TOPICAL TERM | |
| Topical term or geographic name entry element | Cryptography. |
| 650 #0 - SUBJECT ADDED ENTRY--TOPICAL TERM | |
| Topical term or geographic name entry element | Computers |
| General subdivision | Access control. |
| 9 (RLIN) | 5081 |
| 650 #0 - SUBJECT ADDED ENTRY--TOPICAL TERM | |
| Topical term or geographic name entry element | Data transmission systems |
| General subdivision | Security measures. |
| 920 ## - Programme | |
| Programme | SOCIT : 184298 |
| Withdrawn status | Lost status | Source of classification or shelving scheme | Damaged status | Not for loan | Home library | Current library | Date acquired | Total Checkouts | Barcode | Date last seen | Date last checked out | Copy number | Uniform Resource Identifier | Koha item type | Public note |
|---|---|---|---|---|---|---|---|---|---|---|---|---|---|---|---|
| Dewey Decimal Classification | Taylor's Library-TU | Taylor's Library-TU | 11/07/2012 | 4 | 5000132736 | 05/12/2019 | 10/10/2016 | 1 | Floor 3, Shelf 2 , Side 1, TierNo 3, BayNo 1 | Main Collection | SOCIT,15009,03,GR |